00292nam a2200121Ia 4500008004100000100002300041245003200064260003200096300000800128650001000136942000700146999001700153190216s9999||||xx |||||||||||||| ||und|| aVidyaniwas Mishra 0aHindi-Rahiman Panee Rakhiye bParambara Publicationc2007 a198 aHindi cBK c16424d16424